000 00609nam a2200253Ia 4500
005 20260306152731.0
008 008 260114s9999 xx 000 0 eng d
020 _a9789347403774
037 _aEBOOK
040 _aCRL
040 _beng
040 _cCRL
041 _2eng
041 _aeng
084 _qCRL
100 _aPandeya Ram Chandra
_938928
245 0 _aPramanavarttikam Of Acarya Dharmakirti
260 _bMLBD
260 _c2020
856 _uhttps://www.asapglobe.com/searchtitles.aspx?query=9789347403774
942 _cEBOOK
999 _c1701293
_d1701293